Normal view
MARC view
- Hashim Fauzy Yaacob
Entry Personal Name
001 - CONTROL NUMBER
- control field: 1238
003 - CONTROL NUMBER IDENTIFIER
- control field: OSt
005 - DATE AND TIME OF LATEST TRANSACTION
- control field: 20170504111941.0
008 - FIXED-LENGTH DATA ELEMENTS
- fixed length control field: 170504|| aca||aabn | a|a d
040 ## - CATALOGING SOURCE
- Original cataloging agency: OSt
- Transcribing agency: OSt
100 ## - HEADING--PERSONAL NAME
- Personal name: Hashim Fauzy Yaacob
- Dates associated with a name: 1959
670 ## - SOURCE DATA FOUND
- Source citation: Work cat.: (OSt): Hashim Fauzy Yaacob 1959, Komunikasi antara manusia, 2001

PORTAL AKMAL
E-MEL JKDM
AKMAL2U
G-BAM
u-PUSTAKA